书目信息 |
| 题名: |
农业文化遗产及其动态保护探索
|
|
| 作者: | 闵庆文 , 刘某承 , 何露 主编 | |
| 分册: | 四 | |
| 出版信息: | 北京 中国环境科学出版社 2012.08 |
|
| 页数: | 16,594页 | |
| 开本: | 21cm | |
| 丛书名: | 农业文化遗产研究丛书 | |
| 单 册: | ||
| 中图分类: | S-53 , G119 | |
| 科图分类: | ||
| 主题词: | 农业--文化遗产--保护--文集 , 农业 , 文化遗产 | |
| 电子资源: | ||
| ISBN: | 978-7-5111-1091-6 | |
| 000 | 01187oam2 2200325 450 | |
| 001 | 005245164 | |
| 005 | 20130609084146.85 | |
| 010 | @a978-7-5111-1091-6@dCNY60.00 | |
| 100 | @a20121106d2012 em y0chiy50 ea | |
| 101 | 0 | @achi@eeng |
| 102 | @aCN@b110000 | |
| 105 | @ay z 000yy | |
| 106 | @ar | |
| 200 | 1 | @a农业文化遗产及其动态保护探索@9nong ye wen hua yi chan ji qi dong tai bao hu tan suo@h四@f闵庆文,刘某承,何露主编 |
| 210 | @a北京@c中国环境科学出版社@d2012.08 | |
| 215 | @a16,594页@d21cm | |
| 225 | 2 | @a农业文化遗产研究丛书 |
| 300 | @a本书由联合国粮农组织全球环境基金、联合国千年发展目标基金项目资助 “十二五”国家重点图书出版规划项目 | |
| 330 | @a本书收入了农业文化遗产保护:生态农业发展的新契机、农史学科发展与“农业遗产”概念的演进、中国农业文化遗产研究与保护实践的主要进展等文章。 | |
| 461 | 0 | @12001 @a农业文化遗产研究丛书@1701 0@a李文华@4主编 |
| 606 | 0 | @a农业@x文化遗产@x保护@j文集 |
| 606 | 0 | @a农业 |
| 606 | 0 | @a文化遗产 |
| 690 | @aS-53@v5 | |
| 690 | @aG119@v5 | |
| 701 | 0 | @a闵庆文@9min qing wen@f(1963-)@4主编 |
| 701 | 0 | @a刘某承@9liu mou cheng@4主编 |
| 701 | 0 | @a何露@9he lu@4主编 |
| 801 | 0 | @aCN@bRENTIAN@c20121106 |
| 905 | @dS-53@e45 | |
| 农业文化遗产及其动态保护探索.四/闵庆文,刘某承,何露主编.-北京:中国环境科学出版社,2012.08 |
| 16,594页;21cm.-(农业文化遗产研究丛书) |
| 本书由联合国粮农组织全球环境基金、联合国千年发展目标基金项目资助 “十二五”国家重点图书出版规划项目 |
| ISBN 978-7-5111-1091-6:CNY60.00 |
| 本书收入了农业文化遗产保护:生态农业发展的新契机、农史学科发展与“农业遗产”概念的演进、中国农业文化遗产研究与保护实践的主要进展等文章。 |
| ● |
| 相关链接 |
|
|
|
|
正题名:农业文化遗产及其动态保护探索
索取号:S-53/45
 
预约/预借
| 序号 | 登录号 | 条形码 | 馆藏地/架位号 | 状态 | 备注 |
| 1 | 0545989 | 205459895 | 第二样本阅览室/ [索取号:S-53/45] | 在馆 | |
| 2 | 0545990 | 205459902 | 第三借阅区/ [索取号:S-53/45] | 在馆 | |
| 3 | 0545991 | 205459911 | 第三借阅区/ [索取号:S-53/45] | 在馆 | |
| 4 | 0545992 | 205459920 | 第三借阅区/ [索取号:S-53/45] | 在馆 | |
| 5 | 0545993 | 205459939 | 第三借阅区/ [索取号:S-53/45] | 在馆 |